<?xml version="1.0" encoding="UTF-8"?>
<record
    xmlns:xsi="http://www.w3.org/2001/XMLSchema-instance"
    xsi:schemaLocation="http://www.loc.gov/MARC21/slim http://www.loc.gov/standards/marcxml/schema/MARC21slim.xsd"
    xmlns="http://www.loc.gov/MARC21/slim">

  <leader>00659nam a2200205 a 4500</leader>
  <controlfield tag="001">BRCA_3836</controlfield>
  <controlfield tag="005">20190320204436.0</controlfield>
  <controlfield tag="008">111209s1869----fr-#######---#000-0#fre-#</controlfield>
  <datafield tag="050" ind1=" " ind2="4">
    <subfield code="a">F1233.M3</subfield>
    <subfield code="b">.H36 1869</subfield>
  </datafield>
  <datafield tag="100" ind1="1" ind2=" ">
    <subfield code="a">Hans, Albert</subfield>
    <subfield code="9">9988</subfield>
  </datafield>
  <datafield tag="245" ind1="1" ind2="0">
    <subfield code="a">Queretaro</subfield>
    <subfield code="b">souvenirs d&#xB4;un officier de l&#xB4; empereur Maximilien</subfield>
    <subfield code="c">Albert Hans.</subfield>
  </datafield>
  <datafield tag="260" ind1=" " ind2=" ">
    <subfield code="a">Par&#xED;s</subfield>
    <subfield code="b">E. Dentu</subfield>
    <subfield code="c">1869</subfield>
  </datafield>
  <datafield tag="300" ind1=" " ind2=" ">
    <subfield code="a">354 p.</subfield>
    <subfield code="b">il., 1 mapa</subfield>
    <subfield code="c">20 cm.</subfield>
  </datafield>
  <datafield tag="500" ind1=" " ind2=" ">
    <subfield code="a">B180</subfield>
  </datafield>
  <datafield tag="600" ind1="1" ind2="4">
    <subfield code="a">Maximiliano</subfield>
    <subfield code="c">Emperador de M&#xE9;xico</subfield>
    <subfield code="d">1832-1867</subfield>
    <subfield code="9">4582</subfield>
  </datafield>
  <datafield tag="651" ind1=" " ind2="4">
    <subfield code="a">Quer&#xE9;taro, Sitio de</subfield>
    <subfield code="y">1867</subfield>
    <subfield code="9">9989</subfield>
  </datafield>
  <datafield tag="651" ind1=" " ind2="4">
    <subfield code="a">M&#xE9;xico</subfield>
    <subfield code="v">Historia</subfield>
    <subfield code="y">Intervenci&#xF3;n francesa, 1861-1867</subfield>
    <subfield code="9">9990</subfield>
  </datafield>
  <datafield tag="902" ind1=" " ind2=" ">
    <subfield code="a">GFM</subfield>
  </datafield>
  <datafield tag="942" ind1=" " ind2=" ">
    <subfield code="2">lcc</subfield>
    <subfield code="c">B</subfield>
  </datafield>
  <datafield tag="999" ind1=" " ind2=" ">
    <subfield code="c">3564</subfield>
    <subfield code="d">3564</subfield>
  </datafield>
  <datafield tag="952" ind1=" " ind2=" ">
    <subfield code="0">0</subfield>
    <subfield code="1">0</subfield>
    <subfield code="4">0</subfield>
    <subfield code="7">0</subfield>
    <subfield code="a">BRCA</subfield>
    <subfield code="b">BRCA</subfield>
    <subfield code="d">2009-12-11</subfield>
    <subfield code="i">B180</subfield>
    <subfield code="l">0</subfield>
    <subfield code="o">F1233.M3 .H36 1869 (B180)</subfield>
    <subfield code="p">3833</subfield>
    <subfield code="r">2019-03-22 00:00:00</subfield>
    <subfield code="w">2019-03-22</subfield>
    <subfield code="y">B</subfield>
  </datafield>
</record>
